Presentation zen Design. A simple visual approach to presenting in today's world

書誌詳細
第一著者: Reynolds G. Garr
要約:Creating and delivering a successful presentation today often means breaking through the noise and allowing your audience to focus on you and your message. You can have a great impact using simple design choices in your presentations but you just need to know where to start.Here to guide you on your journey is best-selling author and popular speaker Garr Reynolds, whose design wisdom and advice will open your eyes and give you new ways to look at your slides. Filled with practical insights and plenty of examples, you'll learn how to design effective presentations that contain text, data, color, images, and video. Once the design guidelines are established, you will benefit from Garr's years of experience as a master presenter and learn how you can achieve an overall harmony and balance using the powerful tenet of simplicity. Not only will you discover how to design your slides for more professional-looking presentations, you'll learn to communicate more clearly and will accomplish the goal of making a stronger, more lasting connection with your audience.
言語:英語
出版事項: San Francisco, New Riders, 2014
版:2nd ed.
主題:
フォーマット: 図書
KOHA link:https://koha.lib.tpu.ru/cgi-bin/koha/opac-detail.pl?biblionumber=267173

MARC

LEADER 00000nam0a2200000 4500
001 267173
005 20231101234048.0
010 |a 9780321934154 
035 |a (RuTPU)RU\TPU\book\290227 
090 |a 267173 
100 |a 20140723d2014 km y0engy50 ba 
101 0 |a eng 
102 |a US 
105 |a a z 001zy 
200 1 |a Presentation zen Design. A simple visual approach to presenting in today's world  |f G. Reynolds 
205 |a 2nd ed. 
210 |a San Francisco  |c New Riders  |d 2014 
215 |a 277 p.  |c il. 
320 |a Index: p. 273-277. 
330 |a Creating and delivering a successful presentation today often means breaking through the noise and allowing your audience to focus on you and your message. You can have a great impact using simple design choices in your presentations but you just need to know where to start.Here to guide you on your journey is best-selling author and popular speaker Garr Reynolds, whose design wisdom and advice will open your eyes and give you new ways to look at your slides. Filled with practical insights and plenty of examples, you'll learn how to design effective presentations that contain text, data, color, images, and video. Once the design guidelines are established, you will benefit from Garr's years of experience as a master presenter and learn how you can achieve an overall harmony and balance using the powerful tenet of simplicity. Not only will you discover how to design your slides for more professional-looking presentations, you'll learn to communicate more clearly and will accomplish the goal of making a stronger, more lasting connection with your audience. 
606 1 |a Дизайн  |x Промышленные предприятия  |2 stltpush  |3 (RuTPU)RU\TPU\subj\9467  |9 36711 
606 1 |a Презентации (PR)  |x Создание  |2 stltpush  |3 (RuTPU)RU\TPU\subj\71819  |9 85557 
610 1 |a дизайн 
610 1 |a паблик рилейшнз 
610 1 |a создание 
610 1 |a мультимедийные технологии 
610 1 |a слайды 
610 1 |a выступления 
610 1 |a аудитория 
610 1 |a деловое общение 
675 |a 658.512.26  |v 3 
675 |a 659.4  |v 3 
700 1 |a Reynolds  |b G.  |g Garr 
801 1 |a RU  |b 63413507  |c 20071225  |g PSBO 
801 2 |a RU  |b 63413507  |c 20140826  |g PSBO 
942 |c BK